| 000 | 00696nam a2200205Ia 4500 | ||
|---|---|---|---|
| 003 | GCL | ||
| 008 | 140319s9999 xx 000 0 ara d | ||
| 020 | _a0114509953 | ||
| 040 |
_aGCL / _cGCL |
||
| 082 | 0 | 4 |
_a149.7 _bم ت |
| 100 | 1 | _aاحمد برقاوى | |
| 245 | 1 | 0 |
_aالتراث والنهضة : _bقراءات فى اعمال محمد عابد الجابرى / _cاحمد برقاوى |
| 250 | _aالاولى | ||
| 260 |
_aبيروت : _bمركز دراسات الوحدة العربية ، _c2004 |
||
| 300 |
_a287 ص ؛ _c25 سم |
||
| 650 | 0 | 4 | _aالفلسفة العقلية |
| 650 | 0 | 4 | _aالحركات الفكرية |
| 650 | 0 | 4 | _aالفلسفة - مذاهب |
| 942 |
_2ddc _cBK |
||
| 999 |
_c6841 _d6841 |
||